Metodika konštruovania : Riešené príklady
Saved in:
| Main Authors: | , , |
|---|---|
| Format: | Book |
| Language: | Slovak |
| Published: |
Žilina :
EDIS,
2008
|
| Edition: | 1. vyd |
| Subjects: | |
| Tags: |
No Tags, Be the first to tag this record!
|
MARC
| LEADER | 00000nam a22000003a 4500 | ||
|---|---|---|---|
| 001 | stu181058 | ||
| 005 | 20150617225610.2 | ||
| 008 | 090305s2008----xo------------------slo-d | ||
| 040 | |a STU |b slo | ||
| 041 | 0 | |a slo | |
| 044 | |a xo | ||
| 080 | |a 621-12.001.66 | ||
| 100 | 1 | |a Čillík, Ladislav |4 aut | |
| 245 | 1 | |a Metodika konštruovania : |b Riešené príklady | |
| 250 | |a 1. vyd | ||
| 260 | |a Žilina : |b EDIS, |c 2008 | ||
| 300 | |a 83 s | ||
| 650 | 7 | |a konštruovanie |2 stusub | |
| 650 | 7 | |a stroje |2 stusub | |
| 700 | 1 | |a Žarnay, Martin |4 aut | |
| 700 | 1 | |a Bronček, Jozef |4 aut | |
| 996 | |b 284M069896 |c M*S-1442-1 |l MMST |s A |a 24 |w stu181058_0001 | ||
| 996 | |b 284M069897 |c M*S-1442-2 |l MMKN |s A |a 24 |w stu181058_0002 | ||